<?xml version="1.0" encoding="utf-8"?>
<?xml-stylesheet type='text/xsl' href='./oai2.xsl'?>
<OAI-PMH xmlns="http://www.openarchives.org/OAI/2.0/" xmlns:xsi="http://www.w3.org/2001/XMLSchema-instance" xsi:schemaLocation="http://www.openarchives.org/OAI/2.0/ http://www.openarchives.org/OAI/2.0/OAI-PMH.xsd">
  <responseDate>2026-05-16T02:14:54Z</responseDate>
  <request verb="GetRecord" metadataPrefix="marcxml" identifier="record_kuniweb_1209486">https://kulturerbe.niedersachsen.de/oai</request>
  <GetRecord>
    <record>
      <header>
        <identifier>record_kuniweb_1209486</identifier>
        <datestamp>2026-03-31T19:09:18Z</datestamp>
        <setSpec>slg0121</setSpec>
      </header>
      <metadata>
        <marc:record xmlns:marc="http://www.loc.gov/MARC21/slim" xsi:schemaLocation="http://www.loc.gov/MARC21/slim http://www.loc.gov/standards/marcxml/schema/MARC21slim.xsd">
          <marc:leader>12345nrm  22     uu 4500</marc:leader>
          <marc:controlfield tag="001">1209486</marc:controlfield>
          <marc:controlfield tag="003">http://kuniweb.gbv.de</marc:controlfield>
          <marc:controlfield tag="005">2019-08-15T16:58:49</marc:controlfield>
          <marc:controlfield tag="008">|           ||||||||||||||||||||||</marc:controlfield>
          <marc:datafield tag="245" ind1="1" ind2="0">
            <marc:subfield code="a">Porzellanmedaillen: Heinrich der Löwe, 
Herzog v. Bayern u.Sachsen in Originalverpackung</marc:subfield>
          </marc:datafield>
          <marc:datafield tag="655" ind1=" " ind2="7">
            <marc:subfield code="a">Münzen, Medaillen, Geldscheine</marc:subfield>
          </marc:datafield>
          <marc:datafield tag="046" ind1=" " ind2=" ">
            <marc:subfield code="k">1923</marc:subfield>
            <marc:subfield code="k">1923 - 1945</marc:subfield>
            <marc:subfield code="l">1945</marc:subfield>
          </marc:datafield>
          <marc:datafield tag="260" ind1=" " ind2=" ">
            <marc:subfield code="g">1923</marc:subfield>
            <marc:subfield code="g">1945</marc:subfield>
            <marc:subfield code="g">1923 - 1945</marc:subfield>
          </marc:datafield>
          <marc:datafield tag="300" ind1=" " ind2=" ">
            <marc:subfield code="a">Durchmesser: 40 mm
Breite: 11 cm (Karton)
Länge: 9,5 cm (Karton)</marc:subfield>
          </marc:datafield>
          <marc:datafield tag="520" ind1=" " ind2=" ">
            <marc:subfield code="a">Drei Porzellanmedaillen in verschiedenen Farben 
(rotes Böttger-Porzellan und schwarzes Majolika, weißes Porzellan), originalverpackt in einem Klappkarton mit Deckelfalz.
Die Vorderseite zeigt einen Ritter auf einem springenden Pferd. In der rechten Hand hält er ein Schwert, in der linken Hand ein Wappenschild. Der Kopf ist durch einen Helm geschützt.
Die Rückseite zeigt die  Ravensburg.
Der Karton ist innen und außen beschriftet und mit dunkelblauem Krepppapier ausgekleidet. (Stadtmuseum Einbeck)

Inschrift:
in der oberen Hälfte der Rückseite: DIE ALTE RAVENSBURG und die Zahl "100". in der unteren Hälfte die Jahreszahl 1923 Umschrift Vs: HEINRICH D. LÖWE; HERZOG V. BAYERN U. SACHSEN 1129 1195

Aufschrift:
auf der Deckelaußenseite: Welfen-Serie (und der Stempel der Stadtgemeinde Ravensburg). auf der Deckelinnenseite: Stammburg des Welfenhauses 1923</marc:subfield>
          </marc:datafield>
          <marc:datafield tag="650" ind1="1" ind2=" ">
            <marc:subfield code="a">Medaille</marc:subfield>
          </marc:datafield>
          <marc:datafield tag="650" ind1="1" ind2=" ">
            <marc:subfield code="a">Münze, Medaille, Zahlungsmittel &gt; Medaille &gt; Gedenkmedaille</marc:subfield>
          </marc:datafield>
          <marc:datafield tag="650" ind1="1" ind2=" ">
            <marc:subfield code="a">Ravensburg (Tübingen, Baden-Württemberg)</marc:subfield>
          </marc:datafield>
          <marc:datafield tag="773" ind1="0" ind2=" ">
            <marc:subfield code="t">Sammlung Münz-und Geldgeschichte</marc:subfield>
          </marc:datafield>
          <marc:datafield tag="852" ind1=" " ind2=" ">
            <marc:subfield code="a">Stadtmuseum Einbeck</marc:subfield>
          </marc:datafield>
          <marc:datafield tag="" ind1=" " ind2=" ">
            <marc:subfield code="a">Namensnennung - Weitergabe unter gleichen Bedingungen 4.0 International (CC BY-SA 4.0)</marc:subfield>
          </marc:datafield>
        </marc:record>
      </metadata>
    </record>
  </GetRecord>
</OAI-PMH>
